000 00632cam a22001934a 4500
005 20250605164307.0
008 250528s ||||||||||||||||||||||||d
035 _a22336
020 _a9789601617824
040 _aGR-AtMCL
_bgre
_dGR-AtMCL
_eAACR2
245 1 _aΑΡΙΘΜΟΔΕΙΚΤΕΣ ΚΑΙ MANAGEMENT / ΑΝΑΛΥΣΗ, ΣΥΓΚΡΙΣΗ ΚΑΙ ΕΛΕΓΧΟΣ ΤΩΝ ΜΕΓΕΘΩΝ ΠΟΥ ΠΡΟΣΔΙΟΡΙΖΟΥΝ ΤΗΝ ΑΞΙΑ ΤΗΣ ΕΠΙΧΕΙΡΗΣΗΣ
250 _a2
260 _bΠατάκης,
_c2006
300 _a403
700 1 _aWalsh Ciaran
_97336
942 _cBK
999 _c7390
_d7390